| 000 | 00862nam a2200253 i 4500 | ||
|---|---|---|---|
| 001 | 135693 | ||
| 003 | ES-MaACL | ||
| 005 | 20230906194932.0 | ||
| 007 | t| | ||
| 008 | 070214s1982 sp a |||| | spa d | ||
| 080 | _a621.38(075.8) | ||
| 100 | 1 |
_aRuiz Pérez, José María. _9155817 |
|
| 245 | 1 | 0 |
_aFísica de los dispositivos electrónicos / _cJ.M. Ruiz, G.L. Araujo, G. Sala. |
| 250 | _a1ª ed. | ||
| 260 |
_aMadrid : _bE.T.S. Ingenieros de Telecomunicaciones, Departamento de Publicaciones, _c1982. |
||
| 300 |
_a2 v. : _bil. ; _c23 cm. |
||
| 500 | _aÍndices. | ||
| 650 | 4 |
_aComponentes electrónicos. _9155818 |
|
| 650 | 0 | 4 |
_aCircuitos electrónicos. _911045 |
| 700 | 1 |
_aAraujo, G. L. _922354 |
|
| 700 | 1 |
_aSala, G. _9101645 |
|
| 710 | 2 |
_aEscuela Técnica Superior de Ingenieros de Telecomunicación (Madrid) _93611 |
|
| 852 |
_aES-MaACL _jB-89-90 |
||
| 999 |
_c135693 _d135693 |
||